Государственная поддержка малого бизнеса в промышленно развитых странах; Энергия молодых - экономике России; Ч. 3

Bibliografiske detaljer
Parent link:Энергия молодых - экономике России: труды IX Международной научно-практической конференции студентов и молодых ученых, г. Томск, 19-22 мая 2008 г./ Томский политехнический университет (ТПУ) ; Вольное экономическое общество России ; Международный союз экономистов (МСЭ).— , 2008
Ч. 3.— 2008.— С. 21-22
Hovedforfatter: Астахова Я. В.
Andre forfattere: Никулина И. Е. (научный руководитель)
Sprog:russisk
Udgivet: 2008
Fag:
Format: Book Chapter
KOHA link:https://koha.lib.tpu.ru/cgi-bin/koha/opac-detail.pl?biblionumber=160298

MARC

LEADER 00000naa2a2200000 4500
001 160298
005 20231031155532.0
035 |a (RuTPU)RU\TPU\book\173834 
090 |a 160298 
100 |a 20090520d2008 k y0rusy50 ca 
101 0 |a rus 
102 |a RU 
200 1 |a Государственная поддержка малого бизнеса в промышленно развитых странах  |f Я. В. Астахова  |g науч. рук. И. Е. Никулина 
320 |a Библиогр.: 5 назв. 
461 1 |0 (RuTPU)RU\TPU\book\166087  |t Энергия молодых - экономике России  |o труды IX Международной научно-практической конференции студентов и молодых ученых, г. Томск, 19-22 мая 2008 г.  |f Томский политехнический университет (ТПУ) ; Вольное экономическое общество России ; Международный союз экономистов (МСЭ)  |d 2008 
463 0 |0 (RuTPU)RU\TPU\book\164805  |t Ч. 3  |v С. 21-22  |d 2008 
610 1 |a малый бизнес 
610 1 |a государственная поддержка 
610 1 |a развитые страны 
610 1 |a федеральные программы 
610 1 |a США 
610 1 |a Япония 
610 1 |a труды учёных ТПУ 
700 1 |a Астахова  |b Я. В. 
702 1 |a Никулина  |b И. Е.  |4 727 
801 1 |a RU  |b 63413507  |c 20090520  |g PSBO 
801 2 |a RU  |b 63413507  |c 20161124  |g RCR 
942 |c BK